| 000 | 02801nam a2200229Ia 4500 | ||
|---|---|---|---|
| 003 | OSt | ||
| 005 | 20211008110730.0 | ||
| 008 | 210310s1987 ck ado gr 000 0 spa d | ||
| 040 |
_aCO-JMCR _cCO-JMCR |
||
| 041 | 0 | _aspa | |
| 082 | 0 | 4 |
_a338.17373 / _bS612c _223 |
| 111 | 2 |
_aSimposio Internacional sobre Economía Cafetera _d(1987 : _cMedellín) _941039 |
|
| 245 | 1 | 0 |
_aCafé productos básicos y desarrollo económico internacional / _cSimposio Internacional sobre Economía Cafetera, Federación Nacional de Cafeteros de Colombia |
| 260 |
_aMedellín, Colombia : _bEditolaser, _c1987. |
||
| 300 |
_a186 páginas : _bilustraciones, gráficas y fotografías ; _c23 cm. |
||
| 501 | _aCon: notas a pie de página. | ||
| 505 | 0 |
_tSaludo de Bienvenida. / _rDr. Alfonso Palacio Rudas,. Presidente del Comité Nacional de Cafeteros. -- _t"Federacafé, modelo especialmente exitoso de forma asociativa". / _r Por Luis F. Alarcón, Ministro de Hacienda y Crédito Público. -- _t1927-1987. Una visión retrospectiva. / _rProfesor Norman Stone (Universidad de Oxford). -- _t"Los efectos de la nueva tecnología sobre los países desarrollados y los países en desarrollo: Una visión internacional". / _rProfesor Wassily Leontief. -- _tLa OECD y los países en desarrollo. Dr. Pierre Vinde, Secretario General Adjunto OECD El café en el desarrollo económico y social de los países productores. / _rDr. Roberto de Abreu Sodré, Canciller del Brasil. -- _tFactores exógenos de la crisis latinoamericana. / _rDr. Misael Pastrana Borrero, Expresidente de Colombia. -- _tEl mercado mundial del café. / _rDr. Alfonso López, Expresidente de Colombia. -- _tLa cultura del café. / _rDr. Belisario Betancur, Expresidente de Colombia. -- _tComunicación del Expresidente Julio César Turbay Ayala Palabras del moderador. / _rDr. Arturo Gómez Jaramillo. -- _t"Sesenta años del gremio cafetero". / _rDr. Jorge Cárdenas Gutiérrez. -- _tLa inestabilidad de los productos básicos. / _rProfesor Gerard Adams. -- _tEvolución reciente y perspectivas de los productos básicos. / _rDr. Ronald Duncan, Jefe División Productos Básicos Banco Mundial. -- _tEl café y el desarrollo económico del Africa. / _rMinistro Denis Bra Kanon (Costa de Marfil). -- _t25 años del Acuerdo Internacional del Café. / _rDr. Alexandre Beltrao, Director Ejecutivo OIC. -- _tComentarios a las ponencias. / _rDr. Roberto Junguito. -- _tCafé, productos básicos y desarrollo económico. / _rDr. Diego Pizano. -- _tClausura. / _rDr. Virgilio Barco, Presidente de la República. |
|
| 650 | 1 | 4 |
_aCafé _xCongresos, conferencias _y1987 _zColombia _941040 |
| 650 | 2 | 4 |
_aMateria Temática _vCongresos, conferencias _xPolítica cafetera _y1987 _941041 |
| 710 | 1 |
_aFederación Nacional de Cafeteros de Colombia _eautor _936376 |
|
| 942 |
_2ddc _cBK |
||
| 999 |
_c12663 _d12663 |
||